003050000a2200145000450000500170000010000180001724500270003525000070006226000410006930000100011004000080012036500090012865000130013765000090015020120302061555.0 a Pai,Wamanrao a Naamaachaa Nandaadeep a 8 aMumbai:Naam Sampradaaya Mandal,1995. a136p. aMAR b30/- aAdhyatma aNaam